Estadística para administración y economía (Registro nro. 100)
[ vista simple ]
| 000 -LEADER | |
|---|---|
| fixed length control field | 01709 a2200265 4500 |
| 001 - CONTROL NUMBER | |
| control field | 129 |
| 005 - DATE AND TIME OF LATEST TRANSACTION | |
| control field | 20260407155413.0 |
| 008 - FIXED-LENGTH DATA ELEMENTS--GENERAL INFORMATION | |
| fixed length control field | 260407a2004 arg spa d |
| 003 - CONTROL NUMBER IDENTIFIER | |
| control field | AR-UNSa-BCEJYS |
| 040 ## - CATALOGING SOURCE | |
| Original cataloging agency | AR-UNSa-BCEJYS |
| Language of cataloging | spa |
| Transcribing agency | AR-UNSa-BCEJYS |
| 080 ## - UNIVERSAL DECIMAL CLASSIFICATION NUMBER | |
| Universal Decimal Classification number | 519.2 |
| Common auxiliary subdivision | Probabilidades y estadística matemática<br/> |
| 020 ## - INTERNATIONAL STANDARD BOOK NUMBER | |
| International Standard Book Number | 978-970-15-0974-6 |
| 041 ## - LANGUAGE CODE | |
| Language code of text/sound track or separate title | spa |
| 100 1# - MAIN ENTRY--PERSONAL NAME | |
| Personal name | Lind, Douglas A. |
| 245 10 - TITLE STATEMENT | |
| Title | Estadística para administración y economía |
| 250 ## - EDITION STATEMENT | |
| Edition statement | 11a. ed |
| 264 #1 - PRODUCTION, PUBLICATION, DISTRIBUTION, MANUFACTURE, AND COPYRIGHT NOTICE | |
| Place of production, publication, distribution, manufacture | México : |
| Name of producer, publisher, distributor, manufacturer | Alfaomega |
| Date of production, publication, distribution, manufacture, or copyright notice | 2004 |
| 300 ## - PHYSICAL DESCRIPTION | |
| Extent | xviii, 830 p. |
| Dimensions | 25 cm |
| 505 ## - FORMATTED CONTENTS NOTE | |
| Formatted contents note | 1. ¿Qué es la estadística? - 2. Descripción de los datos. Distribuciones de frecuencias y presentaciones gráficas - 3. Descripción de los datos. Medidas de tendencia central - 4. Otras medidas descriptivas - 5. Revisión de algunos conceptos de probabilidad - 6. Distribuciones de probabilidad discreta - 7. Distribución de propabilidad normal - 8. Métodos de muestreo y el terema de límite cental - 9. estimación e intervalos de confianza - 10. Pruebas de hipótesis para una muestra - 11. Pruebas de hipótesis para dos muestras - 12. Análisis de varianza - 13. Regresión lineal y correlación - 14. Análisis de regresión y correlación múltiples - 15. Métodos no paramétricos. Aplicaciones de ji cuadrada - 16. Métodos no paramétricos. Análisis de datos ordenados por rango - 17. Control estadístico de calidad - 18. Número índice |
| 590 ## - LOCAL NOTE (RLIN) | |
| Local note | niveau_biblio:m niveau_hierar:0 |
| 700 1# - ADDED ENTRY--PERSONAL NAME | |
| Personal name | Marchal, William G. |
| 700 1# - ADDED ENTRY--PERSONAL NAME | |
| Personal name | Mason, Robert D. |
| 856 41 - ELECTRONIC LOCATION AND ACCESS | |
| Uniform Resource Identifier | <a href="https://biblioeco.unsa.edu.ar/pmb/images/libros/Estadistica para administracion de economia2-l117406.jpg">https://biblioeco.unsa.edu.ar/pmb/images/libros/Estadistica para administracion de economia2-l117406.jpg</a> |
| Link text | Imagen de portada |
| Electronic format type | image/jpeg |
| 942 ## - ADDED ENTRY ELEMENTS (KOHA) | |
| Koha item type | |
| Withdrawn status | Lost status | Damaged status | Not for loan | Home library | Current library | Shelving location | Date acquired | Total checkouts | Full call number | Barcode | Date last seen | Price effective from | Koha item type | Public note |
|---|---|---|---|---|---|---|---|---|---|---|---|---|---|---|
| Biblioteca Prof. Eusebio Cleto del Rey | Biblioteca Prof. Eusebio Cleto del Rey | 07/04/2026 | 519.2 L742 11ed. | L117406 | 07/04/2026 | 07/04/2026 | Libro | |||||||
| Biblioteca Prof. Eusebio Cleto del Rey | Biblioteca Prof. Eusebio Cleto del Rey | 07/04/2026 | 519.2 L742 11ed. | L128222 | 07/04/2026 | 07/04/2026 | Libro | PARTIDO EN PÁG 206 |